[Event "AUTO-MASTER-1130"]
[Site "http://www.queenalice.com/game.php?id=782611"]
[Date "2010.5.29"]
[Round "1"]
[White "Matrick"]
[Black "yo_soy_lo_mejor"]
[Result "1-0"]
[WhiteElo "2260"]
[BlackElo "2031"]

1. e4 d5 2. exd5 Qxd5 3. Nc3 Qa5 4. d4 c6 5. Nf3 Bg4 6. Bf4 e6 7. h3 Bh5 8. g4
Bg6 9. Ne5 Nf6 10. Bg2 Nbd7 11. Qd2 Bb4 12. Nc4 Qd8 13. Bd6 Be4 14. Bxb4 1-0

[Event "AUTO-MASTER-1130"]
[Site "http://www.queenalice.com/game.php?id=782612"]
[Date "2010.5.29"]
[Round "1"]
[White "yo_soy_lo_mejor"]
[Black "Matrick"]
[Result "0-1"]
[WhiteElo "2013"]
[BlackElo "2169"]

1. e4 c5 2. Nf3 d6 3. d4 cxd4 4. Nxd4 Nf6 5. Nc3 a6 6. Be2 e6 7. Be3 Be7 8. O-O
O-O 9. f4 Qc7 10. Kh1 Nc6 11. Bf3 Re8 12. g4 e5 13. Nxc6 bxc6 14. f5 h6 15. g5
hxg5 16. Bxg5 Rb8 17. b3 Nh7 18. Be3 Bg5 19. Bxg5 Nxg5 20. Bg2 Rd8 21. h4 Nh7
22. Qg4 d5 23. Bh3 Nf6 24. Qg2 d4 25. Rg1 Ne8 26. Ne2 c5 27. Ng3 Qc6 28. Nh5 Qh6
29. Qg4 Rd6 30. Rg3 Rg6 31. fxg6 Bxg4 32. gxf7+ Kxf7 33. Rf1+ Ke7 34. Bxg4 g6
35. Rgf3 gxh5 36. Rf7+ Kd6 37. Ra7 Nc7 38. Be2 Rg8 39. Rf7 Qg6 40. Rfxc7 Qg2#
0-1

[Event "AUTO-MASTER-1130"]
[Site "http://www.queenalice.com/game.php?id=782623"]
[Date "2010.5.29"]
[Round "1"]
[White "yo_soy_lo_mejor"]
[Black "msbasso01"]
[Result "0-1"]
[WhiteElo "1978"]
[BlackElo "1968"]

1. e4 c6 2. d4 d5 3. exd5 cxd5 4. Nf3 Nc6 5. c3 Nf6 6. Bd3 Bg4 7. Bg5 e6 8. Nbd2
Be7 9. Qc2 Bh5 10. O-O Bg6 11. Bxg6 hxg6 12. Rfe1 O-O 13. Rad1 Nh7 14. Bf4 Bf6
15. Nf1 Bg5 16. Nxg5 Nxg5 17. Ng3 Rc8 18. Qd2 Nh7 19. a3 a6 20. h3 Qf6 21. Bd6
Rfd8 22. Bc5 Nf8 23. a4 Nd7 24. Ba3 Nb6 25. b3 Re8 26. Rb1 Red8 27. Bc1 Rc7 28.
Ba3 Ne7 29. Bb4 Nc6 30. Bc5 Nd7 31. Bd6 Rcc8 32. Bf4 Qe7 33. c4 Nf6 34. Be3 Qb4
35. Qxb4 Nxb4 36. c5 Rc6 37. Rec1 Rdc8 38. a5 R6c7 39. Bd2 Nc6 40. Be3 Na7 41.
Bf4 Rc6 42. Be5 Nd7 43. Bd6 Nb5 44. Ne2 Nxd6 45. cxd6 Rxc1+ 46. Rxc1 Rxc1+ 47.
Nxc1 Kf8 48. Nd3 Ke8 49. Nc5 b6 50. axb6 Nxb6 51. Nxa6 Kd7 52. Kf1 Kxd6 53. Ke2
Kc6 54. Nb4+ Kb5 55. Nd3 Nd7 56. f4 f6 57. Ke3 Nb8 58. Nc5 Nc6 59. Nxe6 Kb4 60.
Nc7 Kxb3 61. Nxd5 Kc4 0-1

[Event "AUTO-MASTER-1130"]
[Site "http://www.queenalice.com/game.php?id=782624"]
[Date "2010.5.29"]
[Round "1"]
[White "msbasso01"]
[Black "yo_soy_lo_mejor"]
[Result "0-1"]
[WhiteElo "1873"]
[BlackElo "2002"]

1. e4 d5 2. exd5 Qxd5 3. Nc3 Qa5 4. Nf3 Bg4 5. d4 c6 6. Bd2 Qc7 7. Be2 e6 8. h3
Bh5 9. Ne5 Bg6 10. O-O Bd6 11. f4 c5 12. Nb5 Qd8 13. Nxd6+ Qxd6 14. Bc3 Nc6 15.
Bb5 O-O-O 16. Bxc6 bxc6 17. Qe2 Kb7 18. dxc5 Qxc5+ 19. Kh1 Nf6 20. Rfd1 Ne4 21.
Nd3 Rxd3 22. cxd3 Ng3+ 0-1

[Event "Desafio #11"]
[Site "http://www.queenalice.com/game.php?id=808706"]
[Date "2010.7.25"]
[Round "-"]
[White "Aylton"]
[Black "yo_soy_lo_mejor"]
[Result "1-0"]
[WhiteElo "2094"]
[BlackElo "1990"]

1. f4 c6 2. Nf3 d5 3. d3 Nd7 4. e3 Qc7 5. Be2 Nb6 6. O-O f5 7. Nc3 Nf6 8. h3 h6
9. a3 e6 10. Bd2 Bc5 11. b4 Be7 12. Ne5 Bd6 13. Ng6 Rg8 14. g4 fxg4 15. hxg4 Bd7
16. Kg2 O-O-O 17. Bf3 Be8 18. f5 Bh2 19. Qe1 Bxg6 20. fxg6 Nbd7 21. Rh1 Bd6 22.
e4 Bf4 23. exd5 exd5 24. Ne2 Bd6 25. g5 hxg5 26. Bxg5 Ne5 27. Bh5 Rde8 28. Qh4
Nxh5 29. Qxh5 Nxg6 30. Rae1 Ne5 31. Nd4 g6 32. Qh3+ Kb8 33. Ne6 Qf7 34. Nc5 Bxc5
35. bxc5 Qf5 36. Qg3 Ka8 37. Rhf1 Qg4 38. Qxg4 Nxg4 39. Rxe8+ 1-0

[Event "Desafio #12"]
[Site "http://www.queenalice.com/game.php?id=808707"]
[Date "2010.7.25"]
[Round "-"]
[White "yo_soy_lo_mejor"]
[Black "Aylton"]
[Result "0-1"]
[WhiteElo "2003"]
[BlackElo "2081"]

1. e4 c5 2. Nf3 Nc6 3. d4 cxd4 4. Nxd4 e5 5. Nxc6 bxc6 6. Bc4 Nf6 7. O-O h6 8.
Nc3 a6 9. Kh1 Be7 10. f4 exf4 11. e5 Ng8 12. Bxf7+ Kxf7 13. Rxf4+ Nf6 14. exf6
Bxf6 15. Ne4 d5 16. Nxf6 gxf6 17. Qh5+ Kg7 18. b3 Qd6 19. Bd2 Qe5 20. Qd1 h5 21.
Rc1 Bg4 22. Rxg4+ hxg4 23. Qxg4+ Kf7 24. Bf4 Qe6 25. Qg3 Rag8 26. Qf2 Re8 27. h3
Qe2 28. Qc5 Reg8 29. Qa7+ Kg6 30. Qd4 Kf5 31. Qd2 Rxg2 32. Qxe2 Rxe2 33. Rf1
Rxh3+ 34. Kg1 Ke6 35. c4 dxc4 36. bxc4 Rxa2 37. Re1+ Kf5 38. Bd6 Rf3 39. c5 a5
0-1

[Event "yo_soy_lo_mejor"]
[Site "http://www.queenalice.com/game.php?id=856714"]
[Date "2010.11.9"]
[Round "3"]
[White "Alexandrovinsk"]
[Black "yo_soy_lo_mejor"]
[Result "1-0"]
[WhiteElo "2070"]
[BlackElo "1731"]

1. e4 d5 2. exd5 Qxd5 3. Nc3 Qa5 4. d4 c6 5. Bd2 Qc7 6. Bc4 Nf6 7. Nf3 Bg4 8.
O-O e6 9. Re1 Bd6 10. Qe2 Nbd7 11. h3 Bf5 12. Nh4 Bxc2 13. Rac1 Bg6 14. Nxg6
hxg6 15. d5 e5 16. dxc6 bxc6 17. Nb5 Qb8 18. Nxd6+ Qxd6 19. Bc3 e4 20. f3 O-O
21. fxe4 Ne5 22. Bb3 Rfe8 23. Bxe5 Qxe5 24. Rxc6 Qxe4 25. Qxe4 Rxe4 26. Rxe4
Nxe4 27. Rc7 1-0

[Event "AUTO-MASTER-1318"]
[Site "http://www.queenalice.com/game.php?id=884361"]
[Date "2011.1.11"]
[Round "1"]
[White "yo_soy_lo_mejor"]
[Black "odairsmj"]
[Result "0-1"]
[WhiteElo "1840"]
[BlackElo "2061"]

1. c4 c5 2. g3 d6 3. Bg2 e5 4. Nc3 Nc6 5. d3 Be7 6. e3 Nf6 7. Nf3 O-O 8. O-O h6
9. a3 Be6 10. b3 d5 11. cxd5 Nxd5 12. Nxd5 Bxd5 13. Bb2 Bd6 0-1

[Event "AUTO-MASTER-1318"]
[Site "http://www.queenalice.com/game.php?id=884362"]
[Date "2011.1.11"]
[Round "1"]
[White "odairsmj"]
[Black "yo_soy_lo_mejor"]
[Result "1-0"]
[WhiteElo "2053"]
[BlackElo "1848"]

1. e4 d5 2. exd5 Qxd5 3. Nc3 Qa5 4. Nf3 c6 5. h3 Nf6 6. Bc4 Bf5 7. d3 e6 8. Bd2
Qc7 9. O-O Bd6 10. Bg5 Nbd7 11. Re1 h6 12. Bd2 g5 13. g4 1-0

[Event "AUTO-MASTER-1318"]
[Site "http://www.queenalice.com/game.php?id=884363"]
[Date "2011.1.11"]
[Round "1"]
[White "yo_soy_lo_mejor"]
[Black "crashdummy"]
[Result "0-1"]
[WhiteElo "1735"]
[BlackElo "2263"]

1. d4 d5 2. e3 Nf6 3. c4 c6 4. cxd5 cxd5 5. Nc3 Nc6 6. Bb5 Bd7 7. Nf3 e6 8. O-O
Bd6 9. a3 O-O 10. Qd3 a6 11. Ba4 b5 12. Bc2 b4 13. axb4 Nxb4 0-1

[Event "AUTO-MASTER-1318"]
[Site "http://www.queenalice.com/game.php?id=884364"]
[Date "2011.1.11"]
[Round "1"]
[White "crashdummy"]
[Black "yo_soy_lo_mejor"]
[Result "1-0"]
[WhiteElo "2264"]
[BlackElo "1733"]

1. c4 d5 2. cxd5 Qxd5 3. Nc3 Qa5 4. g3 c6 5. Bg2 Nf6 6. Nf3 Bg4 7. O-O e6 8. Qb3
Qc7 9. d3 Bd6 10. Nd2 Nbd7 11. Nc4 b5 12. Nxb5 cxb5 13. Nxd6+ Qxd6 14. Bxa8 1-0

[Event "AUTO-OPEN-2226"]
[Site "http://www.queenalice.com/game.php?id=884519"]
[Date "2011.1.11"]
[Round "1"]
[White "michas"]
[Black "yo_soy_lo_mejor"]
[Result "1-0"]
[WhiteElo "1677"]
[BlackElo "1815"]

1. h4 c5 2. h5 h6 3. d4 e6 4. dxc5 Bxc5 5. e4 d6 6. Bb5+ Nd7 7. Bd2 Nf6 8. Nc3
Qb6 9. Bxd7+ Bxd7 10. Qe2 e5 11. b3 Rc8 12. Nf3 Bg4 13. Na4 1-0

[Event "AUTO-OPEN-2226"]
[Site "http://www.queenalice.com/game.php?id=884520"]
[Date "2011.1.11"]
[Round "1"]
[White "yo_soy_lo_mejor"]
[Black "michas"]
[Result "0-1"]
[WhiteElo "1793"]
[BlackElo "1699"]

1. d4 Nf6 2. e3 g6 3. c4 Bg7 4. Bd3 O-O 5. Nf3 c5 6. O-O cxd4 7. exd4 d5 8. b3
dxc4 9. Bxc4 Bg4 10. Bf4 Nc6 11. h3 Bf5 12. Na3 Nd5 0-1

[Event "AUTO-OPEN-2226"]
[Site "http://www.queenalice.com/game.php?id=884549"]
[Date "2011.1.11"]
[Round "1"]
[White "primael"]
[Black "yo_soy_lo_mejor"]
[Result "1-0"]
[WhiteElo "1523"]
[BlackElo "1924"]

1. c4 g6 2. d4 Bg7 3. Nf3 Nf6 4. Nc3 e6 5. Bf4 d5 6. cxd5 exd5 7. e3 O-O 8. Nb5
Nh5 9. Bxc7 Qd7 10. Ne5 Bxe5 11. dxe5 a6 12. Bxb8 1-0

[Event "AUTO-OPEN-2226"]
[Site "http://www.queenalice.com/game.php?id=884550"]
[Date "2011.1.11"]
[Round "1"]
[White "yo_soy_lo_mejor"]
[Black "primael"]
[Result "0-1"]
[WhiteElo "1954"]
[BlackElo "1493"]

1. e4 e5 2. Nf3 Nc6 3. d4 exd4 4. Bc4 h6 5. Nxd4 Nf6 6. Nc3 Bc5 7. Be3 Ng4 8.
Qxg4 d5 9. Qxg7 Nxd4 10. Bxd4 Bxd4 11. Qxd4 Rf8 0-1

[Event "AUTO-ADV-2035"]
[Site "http://www.queenalice.com/game.php?id=884630"]
[Date "2011.1.12"]
[Round "1"]
[White "UKopra"]
[Black "yo_soy_lo_mejor"]
[Result "1-0"]
[WhiteElo "1858"]
[BlackElo "1758"]

1. d4 d5 2. c4 c6 3. Nf3 Nf6 4. Nc3 e6 5. Bg5 Bd6 6. e3 h6 7. Bh4 Nbd7 8. Bd3 e5
9. cxd5 cxd5 10. O-O e4 11. Nxd5 exd3 12. e4 g5 13. Nxf6+ 1-0

[Event "AUTO-ADV-2035"]
[Site "http://www.queenalice.com/game.php?id=884631"]
[Date "2011.1.12"]
[Round "1"]
[White "yo_soy_lo_mejor"]
[Black "UKopra"]
[Result "0-1"]
[WhiteElo "1746"]
[BlackElo "1870"]

1. d4 f6 2. e4 d6 3. Bd3 e5 4. dxe5 dxe5 5. f4 Nc6 6. Nf3 Bb4+ 7. Nc3 Bg4 8. h3
Bh5 9. g4 Bf7 10. g5 exf4 11. Bxf4 fxg5 12. Bxg5 Nf6 0-1

[Event "AUTO-ADV-2035"]
[Site "http://www.queenalice.com/game.php?id=884650"]
[Date "2011.1.12"]
[Round "1"]
[White "yo_soy_lo_mejor"]
[Black "FernandoAbreu"]
[Result "0-1"]
[WhiteElo "1773"]
[BlackElo "1800"]

1. f4 d5 2. e3 Nf6 3. d3 Bg4 4. Be2 Bxe2 5. Nxe2 Nc6 6. Nbc3 e6 7. Bd2 a6 8. h3
Bb4 9. a3 Bxc3 10. Bxc3 O-O 11. Qd2 h6 12. g4 b5 0-1

[Event "AUTO-ADV-2035"]
[Site "http://www.queenalice.com/game.php?id=884651"]
[Date "2011.1.12"]
[Round "1"]
[White "FernandoAbreu"]
[Black "yo_soy_lo_mejor"]
[Result "1-0"]
[WhiteElo "1782"]
[BlackElo "1833"]

1. e4 e5 2. Nf3 Nc6 3. Bc4 d6 4. h3 Nf6 5. Ng5 d5 6. exd5 Nxd5 7. d4 exd4 8. Qf3
Qe7+ 9. Ne4 Ndb4 10. Bb3 f5 11. Bg5 Qxe4+ 12. Qxe4+ 1-0